|
|
|
|
| LEADER |
01257nam a22003497a 4500 |
| 001 |
mzk03001029531 |
| 003 |
CZ BrMZK |
| 005 |
20070704104625.0 |
| 007 |
ta |
| 008 |
051014s1644 fr a fr|||||00| ||latod |
| 040 |
|
|
|a BOA001
|b cze
|c BOA001
|
| 072 |
|
7 |
|a 094
|x Staré tisky
|2 Konspekt
|9 12
|
| 080 |
|
|
|a (0.068)094
|2 MRF
|
| 100 |
1 |
|
|a Nepos, Cornelius,
|d asi 100 př. Kr.-24 př. Kr.
|7 jn19981001886
|4 aut
|
| 245 |
1 |
0 |
|a Probi De Excelentibus Viris, Quae extant /
|c Corn. Nepotis, vulgo Aemilii ; Editio Secunda e Cura Jo. Henr. Boecleri
|
| 260 |
|
|
|a Argentorati :
|b Frid. Sporus [Spoor],
|c 1644
|
| 300 |
|
|
|a [8], A-Z, Aa-Ee8 [=232] listů ;
|c 8°
|
| 500 |
|
|
|a Výzdoba: Mědirytinový titulní list, viněty
|
| 510 |
3 |
|
|a DNB
|
| 510 |
3 |
|
|a VD17
|
| 561 |
|
|
|a Provenience: Ex lib. Adaucti Voigt 1754
|
| 655 |
|
7 |
|a staré tisky
|7 fd422076
|2 czenas
|
| 700 |
1 |
|
|a Boeckler, Johann Heinrich,
|d 1611-1672
|7 ola2009507588
|4 aut
|
| 903 |
|
|
|a RP
|
| 910 |
|
|
|a BOA001
|b MP-0000.752
|
| 978 |
|
|
|b Spoor, Johann Friedrich II.
|a Strasbourg
|c 1674
|
| 984 |
|
|
|a Štrasburk
|b Francie
|
| 985 |
|
|
|a 1601-1650
|
| 990 |
|
|
|a BK
|
| 993 |
|
|
|a Y
|
| 991 |
|
|
|k mzk
|
| 996 |
6 |
|
|b 2610401925
|c MP-0000.752
|l stud. ST
|r Sklad / do násl. otevíracího dne
|n 0
|w 001029531
|u 000010
|a 1
|e BOA001
|s P
|